LEADER 01021cam0-2200349---450- 001 990008535050403321 005 20140211144612.0 010 $a88-89373-92-X 035 $a000853505 035 $aFED01000853505 035 $a(Aleph)000853505FED01 035 $a000853505 100 $a20070704d2006----km-y0itay50------ba 101 0 $aita 102 $aIT 200 1 $aAiuti di stato e diretta efficacia$fElisa Fontana$gprefazione di Tito Ballarino 210 $aNapoli$cEditoriale Scientifica$dc2006 215 $a211 p.$d21 cm 225 1 $aJus gentium Europaeum$v8 610 0 $aEconomia$aInterventi statali$aDiritto comunitario 676 $a343.07$v21$zita 700 1$aFontana,$bElisa$0303623 702 1$aBallarino,$bTito 801 0$aIT$bUNINA$gREICAT$2UNIMARC 901 $aBK 912 $a990008535050403321 952 $aCollez. 1888 (8)$b51046$fFSPBC 952 $aQ 223$bs.i.$fDSS 959 $aDSS 959 $aFSPBC 996 $aAiuti di stato e diretta efficacia$9733820 997 $aUNINA LEADER 01575nam 2200349 a 450 001 996391719103316 005 20200824121433.0 035 $a(CKB)1000000000663544 035 $a(EEBO)2264219083 035 $a(UnM)ocm99886938e 035 $a(UnM)99886938 035 $a(EXLCZ)991000000000663544 100 $a19980304d1700 uy 0 101 0 $aeng 135 $aurbn||||a|bb| 200 02$aA sad account of the unhappy and deplorable torture, and terrible death of Mr. Parker a tobacconist at Shaklewel near Hackney;$b[electronic resource] $ewho was miserably torn and mangled, by three doggs his leggs and arms, being almost knawd in pieces by them in such a dreadful and terrible manner, that he died in sad pain and torture on Monday morning last, and was buried at Hackney on Wednesday, the 18th of September 1700. Printed according to order 210 $aLondon $cPrinted for E. Hawks near Brides-Lane$d1700 215 $a1 sheet ([1] p.) 300 $aReproduction of original in the British Library. 330 $aeebo-0018 606 $aDogs$zEngland$vEarly works to 1800 606 $aMurder$zEngland$vEarly works to 1800 606 $aAggressive behavior in animals$zEngland$vEarly works to 1800 615 0$aDogs 615 0$aMurder 615 0$aAggressive behavior in animals 801 0$bCu-RivES 801 1$bCu-RivES 906 $aBOOK 912 $a996391719103316 996 $aA sad account of the unhappy and deplorable torture, and terrible death of Mr. Parker a tobacconist at Shaklewel near Hackney$92392842 997 $aUNISA LEADER 02463nam 2200601 450 001 9910787438003321 005 20230807213534.0 010 $a0-19-998237-6 010 $a0-19-021563-1 010 $a0-19-998236-8 035 $a(CKB)3710000000355063 035 $a(EBL)1961796 035 $a(SSID)ssj0001423478 035 $a(PQKBManifestationID)12585278 035 $a(PQKBTitleCode)TC0001423478 035 $a(PQKBWorkID)11433594 035 $a(PQKB)10058943 035 $a(MiAaPQ)EBC1961796 035 $a(StDuBDS)EDZ0001480150 035 $a(Au-PeEL)EBL1961796 035 $a(CaPaEBR)ebr11019696 035 $a(CaONFJC)MIL728835 035 $a(OCoLC)905865830 035 $a(EXLCZ)993710000000355063 100 $a20150302h20152015 uy 0 101 0 $aeng 135 $aur|n|---||||| 181 $ctxt 182 $cc 183 $acr 200 10$aCaring for the heart $eMayo Clinic and the rise of specialization /$fW. Bruce Fye ; foreword by Rosemary A. Stevens 210 1$aNew York, New York :$cOxford University Press,$d2015. 210 4$dİ2015 215 $a1 online resource (705 p.) 300 $aIncludes index. 311 $a1-322-97553-1 311 $a0-19-998235-X 320 $aIncludes bibliographical references and index. 327 $a""20 Challenges and Opportunities Around the New Millennium""""Appendix: Interviews""; ""Notes""; ""Index"" 330 $aThis groundbreaking book weaves together three important themes. It describes major developments in the diagnosis and treatment of heart disease in the twentieth century, explains how the Mayo Clinic evolved from a family practice in Minnesota into one of the world's leading medical centers, and reveals how the invention of new technologies and procedures promoted specialization among physicians and surgeons. Caring for the Heart is written for general readers as well as health care professionals, historians, and policy analysts. Unlike traditional institutional or disease-focused histories, t 606 $aHeart$xDiseases$xPrevention 615 0$aHeart$xDiseases$xPrevention. 676 $a616.1/2 700 $aFye$b Bruce$0790967 702 $aStevens$b Rosemary A. 712 02$aMayo Foundation for Medical Education and Research, 801 0$bMiAaPQ 801 1$bMiAaPQ 801 2$bMiAaPQ 906 $aBOOK 912 $a9910787438003321 996 $aCaring for the heart$93743945 997 $aUNINA